000
00383nam a2200133Ia 4500
008
151001s9999||||xx |||||||||||||| ||und||
100
_a
वा शि आपटे
245
_a
चंद्र्गाडवरचे साहस
250
_a
1
260
_b
श्रीराम प्रकाशन पुणे
260
_c
1979
300
_a
64
365
_b
17
999
_c
971710
_d
971707